000 00445nam a22001697a 4500
003 CEME
005 20210628205249.0
008 210224b xxu||||| |||| 00| 0 eng d
040 _c.
082 _a297.216 CHA'K
100 _aChaudhry, Ali Asghar
_974650
245 _aAlkitab ke ainay main insan aur ablees
260 _aLAHORE
_bSANG-E-MEEL
_c1997
300 _a128P
650 _aISLA RELIGIONS INSAN AUR ABLEES
_974651
942 _cBK
_2ddc
999 _c580162
_d580162